Представление документа в формате MARC21

Поле Инд. ПП Название Значение
Тип записи a
Библиографический уровень m
001 Контрольный номер ea3f779a04784bd984632d173af136a4
005 Дата корректировки 20210224133929.0
008 Кодируемые данные 210224s1977 ru |||||||||||000|||rus|d
040 a Служба первич. каталог. ЦГБ г. В. Луки
b Код языка каталог. rus
041 0_ a Код языка текста rus
084 2 Источник индекса rubbk
a Индекс другой классификации/Индекс ББК 65.049(2)
090 x Авторский знак М 80
j Имя библиотеки ЦГБ г. В. Луки
097 b Оператор САВ-р
100 1_ a Автор Морозова Т. Г.
245 10 a Заглавие Изучение структуры хозяйства экономических районов
b Продолж. заглавия на примере Вост. Сибири
c Ответственность Т. Г. Морозова
260 a Место издания Москва
b Издательство Просвещение
c Дата издания 1977
300 a Объем 136 с.
650 14 a Основная рубрика Региональная экономика
653 1_ a Ключевые слова региональная экономика
901 t Тип документа m